<?xml version="1.0" encoding="UTF-8"?>
<record
    xmlns:xsi="http://www.w3.org/2001/XMLSchema-instance"
    xsi:schemaLocation="http://www.loc.gov/MARC21/slim http://www.loc.gov/standards/marcxml/schema/MARC21slim.xsd"
    xmlns="http://www.loc.gov/MARC21/slim">

  <leader>00920nam a22002177a 4500</leader>
  <controlfield tag="005">20260202144908.0</controlfield>
  <controlfield tag="008">250108b           ||||| |||| 00| 0 eng d</controlfield>
  <datafield tag="020" ind1=" " ind2=" ">
    <subfield code="a">9780593300282</subfield>
  </datafield>
  <datafield tag="040" ind1=" " ind2=" ">
    <subfield code="c">AL</subfield>
  </datafield>
  <datafield tag="041" ind1=" " ind2=" ">
    <subfield code="a">eng</subfield>
  </datafield>
  <datafield tag="082" ind1=" " ind2=" ">
    <subfield code="2">23</subfield>
    <subfield code="a">813.6</subfield>
    <subfield code="b">MOSL</subfield>
  </datafield>
  <datafield tag="100" ind1=" " ind2=" ">
    <subfield code="a">Ottessa Moshfegh</subfield>
    <subfield code="9">253553</subfield>
  </datafield>
  <datafield tag="245" ind1=" " ind2=" ">
    <subfield code="a">Lapvona</subfield>
  </datafield>
  <datafield tag="260" ind1=" " ind2=" ">
    <subfield code="a">New York</subfield>
    <subfield code="b">Penguin Books</subfield>
    <subfield code="c">2023</subfield>
  </datafield>
  <datafield tag="300" ind1=" " ind2=" ">
    <subfield code="a">304p.</subfield>
    <subfield code="b">PB</subfield>
    <subfield code="c">20x12cm.</subfield>
  </datafield>
  <datafield tag="365" ind1=" " ind2=" ">
    <subfield code="2">English</subfield>
    <subfield code="a">IN-181053</subfield>
    <subfield code="b">960.00</subfield>
    <subfield code="c">&#x20B9;</subfield>
    <subfield code="d">960.00</subfield>
    <subfield code="e">-</subfield>
    <subfield code="f">17-12-2024</subfield>
  </datafield>
  <datafield tag="521" ind1=" " ind2=" ">
    <subfield code="a">Welcome to Lapvona. In a village in a medieval fiefdom buffeted by natural disasters, a motherless shepherd boy finds himself at the centre of a power struggle that puts all manner of faith to a savage test . . .
Discover the Sunday Times bestselling novel from the author of TikTok sensation My Year of Rest and Relaxation.</subfield>
  </datafield>
  <datafield tag="650" ind1=" " ind2=" ">
    <subfield code="a">American English Fiction</subfield>
    <subfield code="9">192617</subfield>
  </datafield>
  <datafield tag="650" ind1=" " ind2=" ">
    <subfield code="a">American English Novel</subfield>
    <subfield code="9">192618</subfield>
  </datafield>
  <datafield tag="942" ind1=" " ind2=" ">
    <subfield code="2">ddc</subfield>
    <subfield code="c">BK</subfield>
  </datafield>
  <datafield tag="999" ind1=" " ind2=" ">
    <subfield code="c">233564</subfield>
    <subfield code="d">233564</subfield>
  </datafield>
  <datafield tag="952" ind1=" " ind2=" ">
    <subfield code="0">0</subfield>
    <subfield code="1">0</subfield>
    <subfield code="2">ddc</subfield>
    <subfield code="4">0</subfield>
    <subfield code="7">0</subfield>
    <subfield code="8">ENG</subfield>
    <subfield code="a">AL</subfield>
    <subfield code="b">AL</subfield>
    <subfield code="d">2025-01-07</subfield>
    <subfield code="e">amazon.in</subfield>
    <subfield code="g">960.00</subfield>
    <subfield code="l">0</subfield>
    <subfield code="o">813.6 MOSL</subfield>
    <subfield code="p">077490</subfield>
    <subfield code="r">2025-01-08 00:00:00</subfield>
    <subfield code="v">960.00</subfield>
    <subfield code="w">2025-01-08</subfield>
    <subfield code="y">BK</subfield>
  </datafield>
</record>
